000 00657nam a22002297a 4500
003 UA-OsUOA
001 105027
007 ta
008 20140210b un ||||| |||| 00| 0 ukr d
100 _aЖулинський М.
090 _a82
_bЖ87
942 _cSA
040 _aUA-OsUOA
_bukr
_cUA-OsUOA
_dUA-OsUOA
245 _a"За що я Вкраїну люблю?" Тарас Шевченко та Євромайдан
300 _aС.8
955 _a0
041 _aukr
080 _a82
773 0 _w105026
650 7 _a82 Література. Літературознавство
_2UDC
999 _c391203
_d391203